The P50,00 question: (Record no. 6459)
[ view plain ]
| 000 -LEADER | |
|---|---|
| fixed length control field | 00823nam a2200193 4500 |
| 008 - FIXED-LENGTH DATA ELEMENTS--GENERAL INFORMATION | |
| fixed length control field | 170325b xxu||||| |||| 00| 0 eng d |
| 022 ## - INTERNATIONAL STANDARD SERIAL NUMBER | |
| International Standard Serial Number | 01153544 |
| 082 ## - DEWEY DECIMAL CLASSIFICATION NUMBER | |
| Classification number | DPer 338.05 En86 Apr-Jul 2015 v. 15, n. 158-161 |
| 100 ## - MAIN ENTRY--PERSONAL NAME | |
| 9 (RLIN) | 19542 |
| Personal name | Rubrico, Jenee Grace |
| 245 ## - TITLE STATEMENT | |
| Title | The P50,00 question: |
| Remainder of title | 30 smart ways for entrepreneurs to spend a winfall/ |
| Statement of responsibility, etc. | Jenee Grace Rubrico, DulceCastillo-Morales & Joe Esguerra. |
| 246 ## - VARYING FORM OF TITLE | |
| Title proper/short title | The fifty thousand question: |
| Remainder of title | thirtysmart ways for entrepreneurs to spend a winfall/ |
| 260 ## - PUBLICATION, DISTRIBUTION, ETC. (IMPRINT) | |
| Place of publication, distribution, etc. | Philippines: |
| Name of publisher, distributor, etc. | Summit Media, |
| Date of publication, distribution, etc. | Apr-Jul 2015. |
| 300 ## - PHYSICAL DESCRIPTION | |
| Extent | v15 n160, pages 50-57: |
| Other physical details | illustrations, |
| Dimensions | 28 cm. |
| 500 ## - GENERAL NOTE | |
| General note | Entrepreneur. |
| 650 #0 - SUBJECT ADDED ENTRY--TOPICAL TERM | |
| 9 (RLIN) | 19543 |
| Topical term or geographic name as entry element | Finance |
| General subdivision | Management |
| 700 ## - ADDED ENTRY--PERSONAL NAME | |
| 9 (RLIN) | 19544 |
| Personal name | Morales, Dulce Castillo |
| Relator term | Author |
| 700 ## - ADDED ENTRY--PERSONAL NAME | |
| 9 (RLIN) | 19545 |
| Personal name | Esguerra, Joe |
| Relator term | Author |
| 942 ## - ADDED ENTRY ELEMENTS (KOHA) | |
| Source of classification or shelving scheme | Dewey Decimal Classification |
| Koha item type | Periodicals |
| Withdrawn status | Lost status | Source of classification or shelving scheme | Damaged status | Not for loan | Collection code | Home library | Current library | Date acquired | Total Checkouts | Full call number | Date last seen | Price effective from | Koha item type | Public note |
|---|---|---|---|---|---|---|---|---|---|---|---|---|---|---|
| Dewey Decimal Classification | Periodicals | UM Digos College - LIC | UM Digos College - LIC | 03/25/2017 | DPer 338.05 En86 Apr-Jul 2015 v. 15, n. 158-161 | 03/25/2017 | 03/25/2017 | Periodicals | Periodical article |
